000 00444nam a2200157 i 4500
001 79795
003 ES-MaACL
005 20230906174043.0
007 t|
008 041025s1967 sp ||||1| spa d
100 1 _aHerrero Esteban, Jacinto.
_963311
245 1 0 _aTierra de los conejos /
_cJacinto Herrero Esteban.
260 _aPalencia :
_b[s.n.],
_c1967 (
_fImp. Merino)
300 _a66 p. ;
_c20 cm.
852 _aES-MaACL
_jC-33621
_bR.63249
999 _c79795
_d79795